[Event "BCF-ch Week1 PM op"]
[Site "Aberystwyth"]
[Date "2014.07.24"]
[Round "4"]
[White "Purvis, Anna"]
[Black "Rahulan, Thivyaa"]
[Result "1-0"]
[WhiteElo "1470"]
[BlackElo "1354"]
[PlyCount "117"]
[EventDate "2014.07.21"]
[EventType "swiss"]
[EventRounds "5"]
[EventCountry "WLS"]
[SourceTitle "EXT 2017"]
[Source "ChessBase"]
[SourceDate "2016.10.25"]
[SourceVersion "1"]
[SourceVersionDate "2016.10.25"]
[SourceQuality "1"]

1. d4 d5 2. c4 e6 3. Nf3 c5 4. g3 Nc6 5. cxd5 exd5 6. Bg2 Nf6 7. Nc3 h6 8. 0-0 Bf5 9. Re1 Be7 10. dxc5 Bxc5 11. e3 0-0 12. Qb3 Qd7 13. Nh4 Be6 14. Qc2 Rfd8 15. Nxd5 Bxd5 16. Qxc5 Bxg2 17. Kxg2 Qd5+ 18. Qxd5 Rxd5 19. b3 Rad8 20. Nf3 Ne4 21. Bb2 Nd2 22. Nd4 Ne4 23. Rec1 Nxd4 24. Bxd4 b5 25. Rc7 a6 26. Rac1 Kh7 27. Rxf7 Rg8 28. Rcc7 Rg5 29. h4 Rg6 30. Rfe7 Nd2 31. h5 Rg4 32. Kh3 Rg5 33. Bf6 Rxh5+ 34. Kg2 Kh8 35. Rxg7 Rxg7 36. Rxg7 Nb1 37. Rg5+ Kh7 38. Rxh5 Kg6 39. Rc5 Kxf6 40. Rc6+ Ke5 41. Rxh6 a5 42. g4 a4 43. bxa4 bxa4 44. f4+ Ke4 45. g5 Nc3 46. Ra6 Kxe3 47. g6 Kxf4 48. g7 Nxa2 49. g8Q Nc3 50. Qc4+ Ne4 51. Qf7+ Ke3 52. Qf3+ Kd4 53. Rxa4+ Ke5 54. Qxe4+ Kf6 55. Ra5 Kg7 56. Qc6 Kh8 57. Ra8+ Kg7 58. Ra7+ Kh8 59. Qc8# 1-0

[Event "BCF-ch Week1 PM op"]
[Site "Aberystwyth"]
[Date "2014.07.22"]
[Round "2"]
[White "Van Kemenade, Julie"]
[Black "Purvis, Anna"]
[Result "1-0"]
[WhiteElo "1722"]
[BlackElo "1470"]
[PlyCount "79"]
[EventDate "2014.07.21"]
[EventType "swiss"]
[EventRounds "5"]
[EventCountry "WLS"]
[SourceTitle "EXT 2017"]
[Source "ChessBase"]
[SourceDate "2016.10.25"]
[SourceVersion "1"]
[SourceVersionDate "2016.10.25"]
[SourceQuality "1"]

1. e4 c6 2. Qe2 d5 3. d3 dxe4 4. dxe4 Nf6 5. Nf3 Bg4 6. g3 e6 7. Bg2 Bb4+ 8. c3 Bc5 9. Nbd2 Nbd7 10. h3 Bh5 11. g4 Bg6 12. Nd4 Ne5 13. f4 Bxd4 14. cxd4 Qxd4 15. fxe5 Qxe5 16. 0-0 h5 17. Nc4 Qc5+ 18. Be3 Qe7 19. e5 Nd5 20. Nd6+ Kd8 21. Rxf7 Bxf7 22. Bg5 Nf6 23. Nxf7+ Qxf7 24. exf6 gxf6 25. Rf1 Kc8 26. Rxf6 Qg8 27. Qxe6+ Qxe6 28. Rxe6 hxg4 29. h4 Rb8 30. Re7 Rd8 31. Be4 Rf8 32. Kg2 Ra8 33. Kg3 a6 34. Kxg4 Kb8 35. Bf4+ Kc8 36. Bf5+ Kd8 37. Bg5 a5 38. Rxb7+ Ke8 39. Bg6+ Rf7 40. Bxf7+ 1-0

[Event "BCF-ch U16"]
[Site "Aberystwyth"]
[Date "2014.07.21"]
[Round "1"]
[White "Purvis, Anna"]
[Black "Robinson, Owen"]
[Result "1/2-1/2"]
[WhiteElo "1470"]
[BlackElo "1778"]
[PlyCount "117"]
[EventDate "2014.07.21"]
[EventType "swiss"]
[EventRounds "7"]
[EventCountry "WLS"]
[SourceTitle "CBM 161 Extra"]
[Source "ChessBase"]
[SourceDate "2014.08.29"]
[SourceVersion "1"]
[SourceVersionDate "2014.08.29"]
[SourceQuality "1"]

1. d4 d5 2. c4 e6 3. Nf3 Nf6 4. g3 Be7 5. Bg2 0-0 6. 0-0 c6 7. cxd5 cxd5 8. Nc3 Nc6 9. e3 Bb4 10. Bd2 Ne4 11. Nxe4 dxe4 12. Bxb4 exf3 13. Bxf8 fxg2 14. Kxg2 Kxf8 15. a3 b6 16. Rc1 Ba6 17. Re1 Bb7 18. f3 Qd7 19. Re2 Rd8 20. Rd2 Ne7 21. Qc2 Nf5 22. Kf2 Rc8 23. Qd1 Rxc1 24. Qxc1 Qc6 25. Qxc6 Bxc6 26. Rc2 Ne7 27. Rc3 Ke8 28. e4 Kd7 29. Ke3 f5 30. Rc2 fxe4 31. fxe4 Ng8 32. Rf2 Nf6 33. h3 Ke7 34. Rc2 Kd7 35. Rf2 a5 36. e5 Nd5+ 37. Kd3 Ke7 38. Rc2 Bb7 39. Rc1 Kf7 40. Rf1+ Ke7 41. Rc1 Ba6+ 42. Ke4 a4 43. Kf3 Kd7 44. Ke4 Be2 45. Rc2 Bh5 46. Rc1 b5 47. Rc5 Bg6+ 48. Kf3 Bd3 49. Rc1 Bc4 50. Ke4 Ne7 51. Rc2 Bd5+ 52. Kf4 Nf5 53. Rd2 h6 54. h4 Kc6 55. Rc2+ Bc4 56. Rd2 Kd5 57. h5 Ne7 58. g4 Nc6 59. Ke3 1/2-1/2

[Event "High Wycombe e2e4 Challengers op 03"]
[Site "High Wycombe"]
[Date "2014.03.15"]
[Round "2"]
[White "Gardner, James"]
[Black "Purvis, Anna"]
[Result "1-0"]
[WhiteElo "1870"]
[BlackElo "1476"]
[PlyCount "69"]
[EventDate "2014.03.14"]
[EventType "swiss"]
[EventRounds "5"]
[EventCountry "ENG"]
[SourceTitle "EXT 2015"]
[Source "ChessBase"]
[SourceDate "2014.11.20"]
[SourceVersion "1"]
[SourceVersionDate "2014.11.20"]
[SourceQuality "1"]

1. d4 d5 2. c4 c6 3. Nf3 Nf6 4. e3 dxc4 5. Bxc4 Bf5 6. Qb3 Qb6 7. Bxf7+ Kd8 8. Ne5 Qxb3 9. Bxb3 Nbd7 10. Nf7+ Kc7 11. Nxh8 e6 12. Nf7 Bb4+ 13. Nc3 Ne4 14. Bd2 Nxd2 15. Kxd2 h6 16. a3 Bxc3+ 17. Kxc3 Rf8 18. Ne5 Nf6 19. f3 Nd5+ 20. Kd2 Bh7 21. e4 Nf4 22. g3 Ng6 23. Nxg6 Bxg6 24. Ke3 Bf7 25. f4 e5 26. Bxf7 exd4+ 27. Kxd4 Rxf7 28. Ke5 Re7+ 29. Kf5 a6 30. e5 Rf7+ 31. Ke6 Rf8 32. Rad1 Re8+ 33. Kf7 Rd8 34. Rxd8 Kxd8 35. e6 1-0

[Event "High Wycombe e2e4 op U2050"]
[Site "High Wycombe"]
[Date "2013.10.12"]
[Round "3"]
[White "Purvis, Anna"]
[Black "Ponchel, Claude"]
[Result "0-1"]
[WhiteElo "1509"]
[BlackElo "1904"]
[PlyCount "100"]
[EventDate "2013.10.11"]
[EventType "swiss"]
[EventRounds "5"]
[EventCountry "ENG"]
[SourceTitle "EXT 2015"]
[Source "ChessBase"]
[SourceDate "2014.11.20"]
[SourceVersion "1"]
[SourceVersionDate "2014.11.20"]
[SourceQuality "1"]

1. d4 g6 2. c4 Bg7 3. Nc3 c5 4. d5 d6 5. e4 Nf6 6. f3 0-0 7. Be3 e6 8. Qd2 exd5 9. cxd5 a6 10. Bh6 b5 11. h4 Re8 12. Bxg7 Kxg7 13. Be2 b4 14. Nd1 h5 15. b3 Qe7 16. Qb2 Nbd7 17. Ne3 Qe5 18. Qxe5 Nxe5 19. Nc4 Nxc4 20. Bxc4 a5 21. Ne2 Ba6 22. Bxa6 Rxa6 23. 0-0 a4 24. bxa4 Rxa4 25. Nc1 Rea8 26. Rf2 Ra3 27. Rb2 Nd7 28. Rb3 R3a4 29. Rb2 Ne5 30. Rc2 Ra3 31. Rb2 Nd3 32. Nxd3 Rxd3 33. Kf2 Rda3 34. Ke2 b3 35. Kd2 Rxa2 36. Rab1 c4 37. Kc3 Rxb2 38. Rxb2 Ra4 39. Rd2 f6 40. f4 Kf7 41. g3 Ke7 42. Rb2 Kd7 43. Rd2 Kc7 44. Rd4 Kb6 45. Rd2 Kc5 46. e5 fxe5 47. fxe5 dxe5 48. d6 Ra2 49. d7 b2 50. d8Q b1N# 0-1

[Event "Hampstead op U2200 09"]
[Site "Hampstead"]
[Date "2013.09.28"]
[Round "2"]
[White "Jina, Taran"]
[Black "Purvis, Anna"]
[Result "1-0"]
[WhiteElo "1690"]
[BlackElo "1509"]
[PlyCount "145"]
[EventDate "2013.09.28"]
[EventType "swiss"]
[EventRounds "5"]
[EventCountry "ENG"]
[SourceTitle "EXT 2015"]
[Source "ChessBase"]
[SourceDate "2014.11.20"]
[SourceVersion "1"]
[SourceVersionDate "2014.11.20"]
[SourceQuality "1"]

1. e4 c6 2. d4 d5 3. exd5 cxd5 4. Bd3 Nc6 5. c3 Nf6 6. Bf4 Bg4 7. Qb3 Na5 8. Qc2 a6 9. Nd2 e6 10. Ngf3 Bd6 11. Bxd6 Qxd6 12. 0-0 0-0 13. Ng5 h6 14. Ngf3 Nc6 15. h3 Bxf3 16. Nxf3 Rfe8 17. Rae1 Rac8 18. Qe2 Nh5 19. Ne5 Nf4 20. Qf3 f6 21. Qxf4 fxe5 22. dxe5 Qc7 23. Re3 Rf8 24. Qg4 Rce8 25. f4 Qb6 26. Qe2 d4 27. cxd4 Qxd4 28. Qf2 Nxe5 29. Bxa6 bxa6 30. Rxe5 Qxe5 31. fxe5 Rxf2 32. Rxf2 Rd8 33. Re2 Rd5 34. Kf2 Kf7 35. Kf3 Kg6 36. Ke4 Ra5 37. a3 Ra4+ 38. Kf3 Kf5 39. g4+ Kg5 40. Kg3 h5 41. h4+ Kg6 42. gxh5+ Kxh5 43. Rd2 Re4 44. Rd6 Rxe5 45. Rxa6 Re3+ 46. Kf4 Re2 47. Kg3 e5 48. Ra5 Re3+ 49. Kf2 Re4 50. Kf3 Re1 51. Ra4 Rf1+ 52. Ke2 Rb1 53. Rb4 Rh1 54. a4 Rh2+ 55. Kf3 Rh3+ 56. Kg2 Rd3 57. Kf1 Rd5 58. Re4 Ra5 59. Ke2 Rc5 60. Kd3 Kg6 61. b4 Rc8 62. Rxe5 Rd8+ 63. Kc4 Rc8+ 64. Rc5 Ra8 65. a5 Rb8 66. b5 Ra8 67. a6 Kf6 68. Rc6+ Ke7 69. Kc5 Kd7 70. Rg6 Rg8 71. a7 Kc7 72. Rxg7+ Rxg7 73. a8Q 1-0

[Event "Coventry e2e4 U1950 op"]
[Site "Coventry"]
[Date "2013.08.25"]
[Round "5"]
[White "Purvis, Anna"]
[Black "Probert, Malcolm"]
[Result "1/2-1/2"]
[WhiteElo "1509"]
[BlackElo "1660"]
[PlyCount "38"]
[EventDate "2013.08.23"]
[EventType "swiss"]
[EventRounds "7"]
[EventCountry "ENG"]
[SourceTitle "EXT 2015"]
[Source "ChessBase"]
[SourceDate "2014.11.20"]
[SourceVersion "1"]
[SourceVersionDate "2014.11.20"]
[SourceQuality "1"]

1. d4 e6 2. c4 c5 3. Nf3 cxd4 4. Nxd4 Nf6 5. g3 Be7 6. Bg2 0-0 7. 0-0 Nc6 8. Nf3 b6 9. Nc3 Bb7 10. Bf4 d6 11. Nb5 e5 12. Bg5 Ne4 13. Bxe7 Qxe7 14. Nh4 a6 15. Nf5 Qe6 16. Bxe4 axb5 17. cxb5 Na5 18. Bxb7 Nxb7 19. Ne3 Rxa2 1/2-1/2